| 000 | 01852nam a22002897a 4500 | ||
|---|---|---|---|
| 999 |
_c22078 _d22078 |
||
| 003 | AR-CdUCM | ||
| 008 | 190425b ||||| |||| 00| 0 spa d | ||
| 040 |
_aMUNICIPALIDAD PROVINCIAL DEL CUSCO _cBIBLIOTECA MUNICIPAL DEL CUSCO |
||
| 082 | _aSitua/N°1,2/2006 | ||
| 245 |
_aSitua : _bRevista semestral de la Facultad de Medicina Humana / _cFacultad de Medicina Humana, Universidad Nacional de San Antonio Abad del Cusco |
||
| 260 |
_aCusco : _b[UNSAAC], _c2006. |
||
| 300 |
_a47 páginas. : _c31 cm. |
||
| 440 |
_aSitua revista semestral de la Facultad de Medicina Humana. _nVol 15, N° 1-2, enero-diciembre 2006. _947370 |
||
| 505 | _aContenido: Los profesionales de salud y el consentimiento informado retos de la educación universitaria. Eduardo Zarate. -- Criterios clínicos y laboratoriales utilizados para indicar paquete globular y plasma fresco congelado en el hospital de apoyo departamental cusco, 2006. Richard Américo Cuevas Cisneros. -- Estudio comparativo de dimensiones de arcos dentarios en niños desnutridos crónicos y eutróficos con dentición decidua y mixta primera fase. Laura Angelica Layseca Acosta. -- Biopsia en odontología. Herbert Cosió Dueñas. -- Calidad de vida en pacientes con cáncer de mama-hospital EsSalud Cusco. Fredy Monge Rodríguez. -- Ramiro Farfán Cantero, aquí y ahora. Ángel Avendaño. | ||
| 650 |
_aMedicina humana _947329 |
||
| 650 |
_aSalud pública _96404 |
||
| 650 |
_aHospitales _947330 |
||
| 650 |
_aCentros de Salud _932510 |
||
| 700 |
_aFarfán Cantero, Ramiro _947333 |
||
| 700 |
_aCuevas Cisneros, Richard Américo _947371 |
||
| 700 |
_aLayseca Acosta, Laura Angelica _947372 |
||
| 700 |
_aCosió Dueñas, Herbert _947368 |
||
| 700 |
_aFredy Monge Rodríguez _947373 |
||
| 710 |
_aUniversidad Nacional de San Antonio Abad del Cusco _915942 |
||
| 942 |
_2ddc _cPP |
||
| 945 | _avhl | ||